[Event "IECG TE.2007.P.02406 email"]
[Site "IECG email"]
[Date "2007.03.31"]
[Round "?"]
[White "Timmons, Michael"]
[Black "Retamoza, Francisco"]
[Result "0-1"]
[WhiteElo "800"]
[BlackElo "2160"]
[PlyCount "20"]
[EventDate "2007.03.31"]
[EventType "tourn (corr)"]
[EventRounds "12"]
[SourceTitle "Corr 2024"]
[Source "ChessBase"]
[SourceDate "2023.10.19"]
[SourceVersion "1"]
[SourceVersionDate "2023.10.19"]
[SourceQuality "1"]

1. d4 d5 2. c4 e5 3. dxe5 d4 4. Nf3 Nc6 5. g3 Nge7 6. Bg2 Ng6 7. 0-0 Ngxe5 8. Nxe5 Nxe5 9. Nd2 Be7 10. Nf3 Nc6 0-1